Historia de los derechos fundamentales.
Guardat en:
| Altres autors: | , |
|---|---|
| Format: | Llibre |
| Idioma: | espanyol |
| Publicat: |
Madrid, España:
Dykinson,
1998.
|
| Matèries: | |
| Etiquetes: |
Afegir etiqueta
Sense etiquetes, Sigues el primer a etiquetar aquest registre!
|
MARC
| LEADER | 00000nam a2200000 a 4500 | ||
|---|---|---|---|
| 001 | UCO7877 | ||
| 003 | CL-VaPUC | ||
| 005 | 20230331155842.0 | ||
| 008 | 001124e19980000SP |||||||||||||||||spa|d | ||
| 999 | |c 292720 |d 292718 | ||
| 020 | |a 978-8481554052 (t. I) | ||
| 040 | |c Pontificia Universidad Católica de Valparaíso | ||
| 082 | 0 | 4 | |a 323 PEC 1998 |2 21 |
| 100 | |a Peces-Barba Martínez, Gregorio |e director |9 452647 | ||
| 245 | 1 | 0 | |a Historia de los derechos fundamentales. |
| 260 | |a Madrid, España: |b Dykinson, |c 1998. | ||
| 300 | |a Tomo I. | ||
| 500 | |a c.2 Tomo I: Donación Familia Prof. Alejandro Guzmán Brito. | ||
| 505 | |a t.I: Tránsito a la modernidad. Siglos XVI y XVII. | ||
| 583 | |a last modification |c 20001124 00:00:00 |k Rodrigo Vera | ||
| 650 | 0 | |a Derechos humanos |9 223025 | |
| 700 | |a Fernández García, Eusebio |e director |9 881144 | ||
| 942 | |c BK |2 ddc |n 0 | ||
| 945 | |d 20001124 00:00:00 |a vberengu | ||
| 952 | |0 0 |1 0 |2 ddc |4 0 |6 323_000000000000000_PEC_1998 |7 0 |8 DER_TF |9 343781 |a BIBDER |b BIBDER |d 2019-11-20 |h t I |i 3670309 |o 323 PEC 1998 |p 3670309 |r 2023-01-25 |w 2019-11-20 |x Ubicación 4to Piso |y BK |z Estos recursos deben solicitarse con anticipación |k DER | ||